000 00806nam a2200241 i 4500
001 bgj
100 1 _aPUPPEL, Stanisław.
245 1 0 _aAspects of the psychomechanics of speech production /
_cStanisław Puppel.
260 _aPoznań :
_bWydaw. Nauk. UAM,
_c1988.
300 _a118 pp :
_bfig. ;
_c24 cm.
490 1 _aJęzykoznawstwo / Uniwersytet im. Adama Mickiewicza,
_x0239-7617 ;
_v6
504 _aBibliograohy pp 105-115.
505 _aSummary in Polish pp 116-118.
650 9 _aLanguage and languages
710 _aAdam Mickiewicz University
_aPoznań
830 0 _aJęzykoznawstwo (Uniwersytet im. Adama Mickiewicza)
020 _a8323201307 (pbk)
040 _cBPK
041 0 _aeng
_bpl
920 _a83-232-0130-7 (pbk)
942 _cKS
008 s uk f |000 0 eng
999 _c47242
_d47242
856 _uhttp://koha.tu.koszalin.pl/cgi-bin/koha/opac-detail.pl?biblionumber=47242
_yKatalog online BPK